Tra due fuochi /

Saved in:
Bibliografiske detaljer
Hovedforfatter: Spinrad, Norman (Author)
Andre forfattere: Rambelli, Roberta
Format: Bog
Sprog:italiensk
Udgivet: Milano : Nord, 1982
Serier:SF. Narrativa d'anticipazione ; 29
Tags: Tilføj Tag
Ingen Tags, Vær først til at tagge denne postø!

MARC

LEADER 00000nam a22000007i 4500
001 IT\ICCU\SBL\0608013
003 ItRI
005 20250723104114.0
008 910930s1982 it |||||| ||||| |||||c
015 |2 IT  |a 844331 
040 |b ita  |c ct 
041 7 |a ita  |2 ISO-639-2 
082 |a 823.9  |2 18 
100 1 |a Spinrad, Norman  |0 IT\ICCU\CFIV\006978  |4 aut 
240 1 2 |a A world between.  |9 Spinrad, Norman 
245 1 0 |a Tra due fuochi /  |c Norman Spinrad. 
260 |a Milano :  |b Nord,  |c 1982 
300 |a VII, 330 p. ;  |c 20 cm 
500 |a Trad. di Roberta Rambelli 
700 1 |a Rambelli, Roberta  |0 IT\ICCU\CFIV\007617 
830 0 |a SF. Narrativa d'anticipazione ;  |v 29  |0 IT\ICCU\CFI\0009263 
942 |2 ddc  |c BK 
952 |0 0  |1 0  |2 ddc  |4 0  |6 B_LNR02SPINODUE11  |7 0  |9 4639  |a MI  |b MI  |d 1987-06-29  |i 248  |l 0  |o B-LNR02-SPINO-DUE11  |p CDOM248  |r 2025-07-04 21:34:31  |w 2025-07-04  |x ACQUISTO  |y BK 
981 1 |6 z01  |a i   |b xxxe  
982 1 |6 z01  |a n 
999 |c 3625  |d 3625